[Event "Turnier 40 / 120"]
[Site "Wien"]
[Date "2022.12.28"]
[Round "15"]
[White "Mephisto Atlanta SH7034 - 20 MHZ"]
[Black "Mephisto London 68000 - 12 MHZ"]
[Result "0-1"]
[BlackElo "2194"]
[WhiteElo "2192"]

{Analyse -----> Komodo 13.02.} 1. c4 e5 2. Nc3 Nf6 3. Nf3 Nc6 4. d4 exd4 5.
Nxd4 Bb4 6. Bg5 Qe7 {Buchende} 7. e3 O-O {Buchbewertung Mephisto London
68000: +0,09} 8. Be2 {Buchende} h6 9. Bh4 {Buchbewertung Mephisto Atlanta:
-0,2 / lt. Komodo ist die Stellung exakt gleich 0,00} d6 10. Nxc6 bxc6 11.
Qb3 Rb8 12. O-O Bf5 13. Qa4? {ein schlechter Zug, danach ist Schwarz
bereits klar im Vorteil, Komodo +1,30 mit der Fortsetzung Lxc3, nötig war
Lf3 mit Ausgleich} Bc5? {Mephisto London 68000 macht aber nichts draus,
nach dem Textzug ist Schwarz nur noch knapp im Vorteil mit ca. +0,40} 14.
Nd1? {deutlich besser ist b3, Komodo -1,00} g5 15. Bg3 Qd7? {verspielt
wieder den gesamten Vorteil, Komodo 0,00, deutlichen Vorteil versprach Tb4}
16. a3 Ne4 17. b4 Bb6 18. Re1 Rfe8 19. Bf3 Rbd8 20. Nb2 g4 21. Bxe4 Bxe4
22. Red1 Qf5 23. Rd2 c5 24. Qd1 Rb8 25. Na4 Bc6 26. Nxb6?? {ein
grottenschlechter Zug, danach ist Schwarz im Vorteil mit ca. +0,90, nach
Sc3 wäre Weiss etwa mit +0,60 im Vorteil gewesen, der Textzug büsst also
1,5 Bauerneinheiten !! ein} axb6 27. Bf4 Kg7 28. Rb2 Ra8 29. bxc5?
{ebenfalls schwach, wahrscheinlich bewertet Atlanta hier den Umstand, dass
er zu einem Freibauern kommt, bei einem Randbauern und ungleichen Läufern
ist das aber natürlich nur ein schwacher Isolani, deutlich vorzuziehen war
b5, Komodo -1,40} bxc5 30. Rb3 Ra4 31. Rc1 Rea8 32. Rcc3 h5 33. Qf1 Qe4 34.
Bg3 {diese Stellung ist bereits hoffnungslos für Weiss, alle Figuren ausser
dem Läufer sind praktisch bewegungsunfähig, hier könnte man die Partie
eigentlich schon beenden, aber gut bei einem Oldie muss man natürlich
vorsichtig bleiben, ob Mephisto London 68000 das auch nützen kann, wäre ja
auch nicht das 1x das er das nicht schafft, lt. Komodo ist die Partie
natürlich hoffnungslos -2,60} Re8 {schwächer als f6, aber völlig
ausreichend, Komodo +2,20} 35. Rb2 Rh8? {ein schlechter Zug, deutlich
besser ist Tea8, aber gut das ist natürlich unspielbar für Mephisto London
68000, wäre ja eine Stellungswiederholung und somit 0,00, lt. Komodo
natürlich Fehlerkorrektur, der Textzug reduziert den Vorteil um eine ganze
Bauerneinheit, Komodo +1,20 mit der Fortsetzung f3} 36. Bh4? {ein
schlechter Zug, der den Nachteil wieder verdoppelt, Komodo -2,30, auch
Mephisto London 68000 hätte Lh4 gezogen} Rha8 37. Ra2 Rb8 38. Ra1 Raa8
{Weiss liegt auf dem Präsentierteller das ist klar, aber den Sack muss man
noch zu machen, wie verwertet man diese klare Gewinnstellung, für Mephisto
London 68000 könnte es noch eine harte Nuss werden} 39. Bg3 Rb2 40. Bh4
Rab8 41. Bg3 Re2 42. Rcc1 Rb3 43. a4 Rbxe3! {ein ganz starker Zug, der
sofort gewinnt, Komodo +6,00} 44. a5 Rb3?? {das ist allerdings ganz
schwach, sofort gewonnen hätte f5, aber auch der Textzug reicht natürlich
zum Gewinn, Komodo +2,30} 45. a6 Rbb2 46. a7 Ba8 47. Bh4??? {beschleunigt
extrem den Untergang, Komodo -5,50 mit der Fortsetzung g3, nötig war Tcb1
mit ca. -2,30, aber hier ist es ohnehin schon egal, sowieso verloren, nur
eine Frage der Zeit, hier verstehe ich ja den Wunsch nach dem schnellen
Ende, LoL} g3! {stark von Mephisto London 68000} 48. Bxg3 h4 49. Ra3 hxg3
{Rest geschenkt, was für ein Debakel für Mephisto Atlanta, der hier
regelrecht zerquetscht wird.} 0-1
[/pgn]
[pgn]

[Event "Turnier 40 / 120"]
[Site "Wien"]
[Date "2022.12.29"]
[Round "16"]
[White "Mephisto London 68000 - 12 MHZ"]
[Black "Mephisto Atlanta SH7034 - 20 MHZ"]
[Result "1/2-1/2"]
[BlackElo "2192"]
[WhiteElo "2194"]

{Analyse -----> Komodo 13.02.} 1. e4 c5 2. Nf3 Nc6 3. d4 cxd4 4. Nxd4 Nf6
5. Nc3 e5 6. Ndb5 d6 7. Bg5 a6 8. Na3 Be6 9. Nc4 {Buchende} Nd4 {ein ganz
schlechter Buchzug von Mephisto Atlanta, danach ist Weiss bereits klar im
Vorteil, Komodo -1,00 mit der Fortsetzung Lxf6, nötig war Le7} 10. Bxf6
{Buchbewertung Mephisto London 68000: +0,06 / macht den richtigen Zug,
sieht aber noch keinen grossen Vorteil} Qxf6 {Buchende} 11. Nb6! {richtig}
Ra7 {Buchbewertung Mephisto Atlanta: -0,3 / lt. Komodo eine ganz schlechte
Eröffnung von Schwarz, hier war noch Tb8 vorzuziehen, lt. Komodo ist Weiss
ganz klar im Vorteil: +1,10} 12. Ncd5 {na klar} Qd8 13. c3 Nc6 14. Bc4 Na5
15. Be2 Be7 16. O-O Bg5 17. Qd3 O-O 18. Rad1 Re8 19. Qf3 Kh8 20. Qh5 Nc6
21. a3 Bh6? {deutlich schwächer als g6, Komodo -1,20} 22. Rfe1 Rf8 23. c4?
{das ist natürlich ganz schlecht, gibt das starke Feld d4 für den
feindlichen Springer frei, nötig war a4 mit klarem Vorteil für Weissw, nach
dem Textzug ist die Stellung im Lot} Nd4 {sonnenklar} 24. Bf3? {gleich der
nächste Fehler, danach ist Schwarz bereits im Vorteil, Komodo +0,70 mit der
Fortsetzung Lg5} Bg5 25. Bg4 Bh4 26. Nd7?? {ein Verlustzug, danach ist die
Partie bereits verloren, Komodo -2,20 mit der Fortsetzung Lxf2, nötig war
Txd4 mit nur geringem Vorteil für Schwarz mit etwa -0,50} Bxf2+! 27. Kxf2
Qxd7 28. Qh4 Qa4 29. Kg1 Bxg4 {klar schwächer als b5, Komodo +1,60} 30.
Qxg4 Qxc4 31. Rc1 Qb3 {besser ist Db5, Komodo +1,20} 32. Qd7 Qxb2 33. Qxd6
Rg8 34. Rb1 Nb5 35. Qb6 {besser ist Txb2} Qd4+ 36. Qxd4 Nxd4 37. Rb6 Rd8
38. Reb1 f5??? {ein grottenschlechter Zug, der nahezu den gesamten Vorteil
verspielt, Komodo nur noch +0,70, nötig war natürlich Td7 mit ca. +1,50,
der Fairness halber sei noch gesagt, auch Mephisto London 68000 hatte
diesen Zug vorgeschlagen} 39. Rxb7 Rxb7 40. Rxb7 fxe4 41. Re7 h6 42. Ne3
Rf8 43. Rxe5 Ne2+ 44. Kh1 Nc3 45. g4 Kh7 {besser ist Tf3, nach dem Textzug
ist Schwarz nur noch hauchdünn im Vorteil mit ca. +0,40} 46. Kg2 Rf4
{besser ist Tb8, nach dem Textzug ist jeglicher Vorteil dahin, Komodo 0,00}
47. Re7 Kg8 48. Re8+ Kf7 49. Ra8 Rf6 50. Rc8 Nb5 51. a4 Nd4 52. Rc7+ Kg8
53. Rc8+ Rf8 54. Rc4 Rf3 55. Rxd4 Rxe3 56. Rd6 a5 57. Rd5 Re2+ 58. Kg3 g5
59. Rxa5 Kf7 60. Re5 Kf6 61. Re8 Kf7 62. Rb8 Ke6 63. a5 Re3+ 64. Kf2 Rf3+
65. Kg2 Ra3 66. Rb6+ Ke5 67. a6 Ra2+ 68. Kg3 Ra3+ 69. Kf2 Kf4 70. Rf6+ Kxg4
71. Rxh6 Kf4 72. Rf6+ Ke5 73. Rb6 g4 74. Rh6 Kf4 75. Rf6+ Ke5 76. Rb6 Kd4
{Userentscheid: Remis, Mephisto Atlanta kann ein Endspiel mit 2 Mehrbauern
nicht gewinnen, verschenkter halber Punkt.} 1/2-1/2
[/pgn]
[pgn]

[Event "Turnier 40 / 120"]
[Site "Wien"]
[Date "2022.12.30"]
[Round "17"]
[White "Mephisto Atlanta SH7034 - 20 MHZ"]
[Black "Mephisto London 68000 - 12 MHZ"]
[Result "1-0"]
[BlackElo "2194"]
[WhiteElo "2192"]

{Analyse ------> Komodo 13.02.} 1. e4 e5 2. Nf3 Nc6 3. Bb5 a6 4. Ba4 Nf6 5.
d4 exd4 6. O-O Be7 7. e5 Ne4 8. Nxd4 {Buchende} O-O {Buchende} 9. c3?
{Buchbewertung Mephisto Atlanta: +0,1 / gleich der 1. berechnete Zug ist
ganz schlecht, danach ist Schwarz bereits klar im Vorteil, Komodo +1,00 mit
der Fortsetzung Sxe5, deutlich besser ist Sf5 mit Ausgleich} Nc5?
{Buchbewertung Mephisto London 68000: -0,24 / macht es auch nicht besser,
auch hier ist der 1. berechnete Zug ganz schlecht, die Stellung ist etwa
gleich} 10. Nxc6 dxc6 11. Bc2 Qxd1 12. Rxd1 Be6 13. b4? {ein schlechter
Zug, danach steht Schwarz bereits klar besser, Komodo -1,00, Weiss sollte
natürlich seine Entwicklung normal Forsetzung mit Le3} Nd7 14. f4 Rad8?
{aber Mephisto London 68000 macht nichts draus, hier hat er auch Pech, da
er im letzten Augenblick den klar besseren Zug Sb6 wegen einer
Bewertungsdifferenz von +0,03 verwirft, nach dem Textzug ist die Stellung
wieder im Lot, Komodo 0,00 mit der Fortsetzung f5} 15. f5 Bc4 16. Na3 Be2?
{ein schlechter Zug, danach ist Weiss im Vorteil, Komodo +0,80 mit der
Fortsetzung Te1, deutlich besser ist Sb6 mit sehr geringem Vorteil für
Weiss} 17. Re1 Bh5? {ein schwacher Zug, danach ist Weiss bereits klar im
Vorteil, Komodo +1,40 mit der Fortsetzung Sc4, nötig war Lb5} 18. Re4 {ein
schlechter Zug, der eine Grossteil des Vorteiles verspielt, Komodo +0,60}
f6 19. g4 Be8 20. e6 Ne5 21. Nc4 Nxc4 22. Rxc4 b5 23. Re4 c5 24. a3 Bc6 25.
Re1 Bf3? {deutlich schwächer als Tfe8 oder a5, Komodo -1,10} 26. h3 Rfe8
27. Kf2 Bb7 28. Be3 cxb4 29. axb4 Kf8 30. Re2 Kg8 {da kam er doch gerade
her, das bringt natürlich gar nichts, besser ist Tc8, Komodo -1,20} 31.
Rae1 c5? {ein Verlustzug, danach ist die Partie bereits verloren, Komodo
-2,60, deutlich besser ist Tc8} 32. bxc5? {eindeutig die falsche
Schlagoption, reduziert deutlich den Vorteil von Weiss, Komodo +1,70} Rc8?
{ein schlechter Zug, deutlich besser ist Kf8, Komodo -2,40} 33. Bb3? {alles
andere als optimal, deutlich besser ist Td2, Komodo +1,70} Red8 34. Rb2 Rd3
35. c4 b4? {ein schlechter Zug deutlich besser ist Tc3, Komodo -2,50} 36.
Bd1?? {ein grottenschlechter Zug, der den Vorteil von Weiss halbiert, Komdo
+1,30 mit der Fortsetzung Txc5, nötig war Td1} a5 37. Ra2 Bd8? {deutlich
schwächer als Ta3, Komodo -2,30} 38. Ba4 Bc6??? {ein absoluter Verlustzug,
danach ist alles vorbei, Komodo -4,50, deutlich mehr Widerstand leistet
Le7, aber auch bereits mit -2,70} 39. Bxc6 Rxc6 40. Ke2 Rc3 {Mephisto
London 68000 sieht noch keine grosse Gefahr, nur -0,60 / Komodo -7,50} 41.
Rd2?? {Mephisto Atlanta: +1,0 / ein schlechter Zug, um 2 Bauerneinheiten !!
schlechter als Td1, dennoch steht Weiss klar auf Gewinn, Komodo +5,50}
Bc7??? {Mephisto London 68000 hat völlig die Übersicht verloren, Berwertung
lediglich -0,40, der Läufer musste nach e7, der Textzug verliert forciert,
Komodo -14,00} 42. Red1 {Richtig, Mephisto Atlanta +2,3 / Komodo Matt in
12} Kf8 {Jetzt erkennt Mephisto London 68000 das Problem: -1,90} 43. Rd7!
{richtig: Mephisto Atlanta: +4,5} Rxc4 {Mephisto London 68000: -2,09} 44.
Rf7+ {Mephisto Atlanta: +7,1} Ke8 {Mephisto London 68000: -3,45} 45. Rxg7
{Mephisto Atlanta: +8,4} Rc2+ 46. Kf1 Rxe6 {Mephisto London 68000: -10,3
----- aufgegeben / Matt in 7} 1-0
[/pgn]
[pgn]

[Event "Turnier 40 / 120"]
[Site "Wien"]
[Date "2023.01.01"]
[Round "18"]
[White "Mephisto London 68000 - 12 MHZ"]
[Black "Mephisto Atlanta SH7034 - 20 MHZ"]
[Result "1/2-1/2"]
[BlackElo "2192"]
[WhiteElo "2194"]

{Analyse ----> Komodo 13.02.} 1. d4 d5 2. c4 e6 3. Nc3 c5 4. cxd5 exd5 5.
Nf3 Nc6 6. Bg5 Be7 7. Bxe7 Ngxe7 8. e3 cxd4 9. Nxd4 O-O {Buchende} 10. Nxc6
bxc6 {Buchbewertung Mephisto Atlanta: +0,2} 11. Be2 {Buchende} Rb8 12. b3
{Buchbewertung Mephisto London 68000: +0,15 / lt. Komodo ist die Stellung
im Lot} Qa5 13. Rc1 Ba6 14. O-O Bxe2 15. Qxe2 Ng6 16. Na4 Ne5 17. Rc5
{Weiss steht etwas besser, Komodo +0,60} Rb5 18. Rfc1 Rxc5 19. Rxc5 Qc7 20.
Qa6 Re8 21. h3 Qe7 22. Rc3 g5 23. Rc5? {ein schlechter Zug, danach ist
Schwarz bereits ganz klar im Vorteil, Komodo +1,60 mit der Fortsetzung g4,
nötig war Sc5 mit Ausgleich} f5? {Mephisto Atlanta verpasse die Chance und
verspielt auf einen Schlag nahezu den gesamten Vorteil, Komodo +0,40} 24.
Rc2 {besser ist Tc1, Komodo -0,70} h5? {ein schlechter Zug, der den
gesamten Vorteil verspielt, Komodo 0,00, etwas Vorteil versprach immer noch
g4} 25. Nc5 h4 26. b4 Kf7? {deutlich schwächer als f4, danach wäre die
Stellung exakt im Lot, nach dem Textzug ist Weiss im Vorteil Komodo +0,80}
27. Rc1? {das bringt gar nicht, die Stellung ist wieder im Lot, Vorteil
versprach b5} Rb8? {ein ganz schlechter Zug, danach ist Weiss bereits klar
im Vorteil, Komodo -1,50} 28. a3 Kg7 29. Kf1? {ein schlechter Zug, der den
Vorteil von Weiss deutlich reduziert, Komodo +0,60} Kh6 {ein schlechter Zug
deutlich besser ist g4, Komodo -1,10} 30. Rd1 Kh5 31. Kg1 {weniger gut,
danach ist Weiss nur noch hauchdünn im Vorteil mit ca. +0,40 mit der
Fortsetzung g4, besser ist Sd3} g4 32. Kf1 {besser ist De2 nach dem Textzug
ist Weiss nur noch hauchdünn im Vorteil mit ca. +0,20} g3 {besser ist Tg8,
Komodo -0,50} 33. Nd3 Nxd3 34. Qxd3 Qe4 35. Qxe4 dxe4 {die Stellung ist im
Lot, Komodo 0,00} 36. fxg3 hxg3 37. Ke2 Rb5 38. Rd4 Rb6 39. Rc4 a5 40. Kd2
axb4 41. axb4 Ra6 42. Rc5 Ra2+ 43. Rc2 Rxc2+ 44. Kxc2 Kg5 45. Kd2 Kf6 46.
Kc3 Kg5 47. Kc4 Kg6 48. Kb3 Kf6 49. Kb2 Kg6 50. Kc1 Kf6 51. Kd2 Kg6 52. Ke2
Kf7 53. Ke1 Kg7 {Userentscheid: Remis} 1/2-1/2
[/pgn]
[pgn]

[Event "Turnier 40 / 120"]
[Site "Wien"]
[Date "2023.01.02"]
[Round "19"]
[White "Mephisto Atlanta SH7034 - 20 MHZ"]
[Black "Mephisto London 68000 - 12 MHZ"]
[Result "0-1"]
[BlackElo "2194"]
[WhiteElo "2192"]

{Analyse ----> Komodo 13.02.} 1. d4 d5 2. Nf3 c6 3. c4 Nf6 4. Nc3 dxc4 5.
a4 Bf5 6. e3 e6 7. Bxc4 Bb4 8. O-O {Buchende} Nbd7 9. Qb3 {Buchbewertung
Mephisto Atlanta: 0,0} a5 10. Na2 Be7 {Buchende} 11. Qxb7 {danach ist die
Partie sofort Remis, nach Tb8 darf der Bauer c6 nicht genommen werden, da
sonst die Dame verloren geht, also ist nur noch Stellungswiederholung
mittels Da6, Ta8, Db7 usw. möglich} Be4 {Buchbewertung Mephisto London
68000: -0,63, also das ist schon schwach das Remis hier nicht zu erkennen,
denn bereits nach Tb8, Dxc6, Tb6 hat die Dame schon 2 Züge später kein
Fluchtfeld, man muss sagen auch Mephisto Atlanta erkannte das nicht, denn
er bewertet sich mit +0,7 nach Dxb7, auch der Textzug ist aber keine
Katastrophe, lt. Komodo steht Weiss nur knapp besser mit ca. +0,30 / auch
Atlanta hatte Le4 vorgeschlagen} 12. Qb3 {na klar die Dame bringt sich in
Sicherheit, richtig} c5 {weniger gut, besser ist Lxf3, Komodo -0,80} 13.
Ne5 Rb8 14. Bb5 cxd4 {besser ist 0-0, Komodo -1,20} 15. exd4 O-O 16. Nc3
Bb7 17. Bg5? {ein schwacher Zug, der den Vorteil von Weiss halbiert, Komodo
+0,60} Nb6 {klar schwächer als Sxe5, Komodo -1,00} 18. Rfd1 Rc8 19. Rac1 h6
20. Bh4 Qd6 21. Bc4??? {das ist natürlich völliger Unsinn, den Läufer auf
ein doppelt bedrohtes Feld zu stellen, leider verwirft Mephisto Atlanta im
tatsächlich allerletzten Augenblick nach 11 Minuten 50 Sekunden (er hat
eine Logig eingebaut, dass er spätestens nach 12 Minuten zieht, also 10
Sekunden vor Ablauf dieser Frist ändert er seine Meinung noch und spielt
diesen ganz schlechten Zug) den weit besseren Zug Lg3, danach wäre Weiss
mit ca. +1,20 im Vorteil gewesen, nach dem Textzug ist jeglicher Vorteil
dahin, die Stellung ist im Lot, Komodo 0,00 mit der Fortsetzung Db4} Qb4!
{na klar} 22. Bxe6 {lt. Komodo ist es jetzt Remis durch
Stellungswiederholung mittels Dauerschach, mehr ist nicht mehr drinnen für
Weiss, trotzdem emphahl hier Komodo diesen Zug} fxe6 23. Qxe6+ Kh7 24. Qf5+
Kg8 25. Ng6 Rf7 26. Nxe7+??? {Atlanta verzichtet auf das Remis, da er noch
an minimalen Vorteil glaubt mit +0,1, eine grobe Fehleinschätzung, nach dem
Textzug ist Schwarz bereits klar im Vorteil, Komodo +1,00, Weiss hätte gut
daran getan, das Remis zu sichern.} Rxe7 27. Bxf6 gxf6? {das ist allerdings
auch alles andere als optimal, verschenkt den gesamten Vorteil, die
Stellung ist wieder im Lot, Komodo 0,00, nötig war Tf7} 28. f3 {ganz
schlecht, danach ist wieder Schwarz klar im Vorteil, Komodo +1,00, nötig
war Te1 mit Ausgleich} Qxb2 {etwas schwächer als Tg7, Komodo +0,70} 29.
Qxf6 Rg7 30. Qe6+ Kh7 31. g3 Rf8 {besser ist Sd7, Komodo +0,60} 32. d5 Bc8
{besser ist immer noch Sd7, nach dem Textzug ist Schwarz nur noch knapp im
Vorteil, Komodo +0,30} 33. Qe3 Bh3 34. Ne2 Bd7 35. Nc3? {das schlechtest
mögliche Feld für den Springer !!, danach ist Schwarz wieder im Vorteil,
Komodo +0,90 mit der Fortsetzung Tc8, nötig war Sd4 oder Sf4 beides mit
Ausgleich} Rc8! {sonnenklar} 36. Qd3+ Rg6? {weniger gut, besser ist
natürlich Kg8, warum sich den Turm anhängen lassen, Schwarz bleibt etwas im
Vorteil, Komodo +0,40} 37. Ne2 Rxc1 38. Rxc1 Nxa4? {nicht optimal, besser
ist Kg7, Komodo 0,00 mit der Fortsetzung De4} 39. Qe4 Nb6 40. Rc7 Qb4 41.
Nf4 Qxe4 42. fxe4 Rg7 43. Nh5 Rf7 44. Rb7 Nxd5 {etwas besser ist Sc4} 45.
exd5 Kg6 46. Nf4+ Kg7?? {ein Verlustzug, danach ist die Partie praktisch
verloren, Komodo -1,70 mit der Fortsetzung Tb6+, nötig war Kf5} 47. Kf2?
{aber Mephisto Atlanta kann kein Kapital draus schlagen, der Textzug
halbiert den Vorteil von Weiss, Komodo +0,80, dennoch hier kein Vorwurf,
der Textzug sieht durchaus logisch aus und die nötige Rechentiefe für den
Gewinnzug Tb6+ ist nicht machbar für einen Oldie, für mich ein akzeptabler
Zug.} a4? {deutlich schwächer als Lf5, nach dem Textzug ist Weiss wieder
sehr klar im Vorteil, Komodo +1,50} 48. Ra7! {richtig} Be8? {deutlich
schwächer als Kf6, nach dem Textzug ist die Partie praktisch verloren,
Komodo -2,30 mit der Fortsetzung Ta8} 49. Ra8 Bb5 50. h3??? {ein
grottenschlechter Zug, der einen Grossteil des Vorteiles verspielt, Komodo
nur noch +0,70, nötig war natürlich das mehr als offensichtliche Ke3, nebst
Kd4, um den Vorstoss des Schwarzen Königs über f6 nach e5 zu verhindern,
nach dem Textzug ist der Gewinn in weite Ferne gerückt} Kf6 {na klar,
alternativlos} 51. Rb8 Bc4 52. Rb4? {besser ist Ta8, nach dem Textzug ist
praktisch der gesamte Vorteil dahin, Komodo +0,20} Bb3 53. Rb6+ Kg7 {etwas
besser ist Kf5} 54. Ke3? {verspielt jeglichen Vorteil, Komodo 0,00 mit der
Fortsetzung Ta7} Ra7! {na klar} 55. Nh5+ Kh7 56. Nf6+ Kg7 57. Re6??? {ein
indiskutabler Zug, der die Partie sofort verliert, Komodo -4,00 einfach nur
hinrissig !!!, Sh5+ hätte das Remis gehalten} a3! {na klar und das war es}
58. Nh5+ Kh7 59. Nf6+ Kg6??? {ein ganz schlechter Zug, um ganze 3
Bauerneinheiten !! schlechter als Kh8, das hätte sofort gewonnen mit +4,50
lt. Komodo, nach dem Textzug ist Schwarz noch mit ca. +1,60 im Vorteil, mit
der Fortsetzung Se4 nebst Sc3 kann der Springer noch zum A-Bauern eilen,
aber ich bezweifle dass Atlanta das sieht} 60. Nd7+??? {na klar war ja zu
erwarten, einfach nur noch absurd, was Atlanta hier veranstaltet, Komodo
-4,50, Atlanta glaubt ernsthaft an Kg7, Tf7+ mit Remis, hat man dafür noch
Worte ???, also ich nicht um ehrlich zu sein.} Kf7 {was sonst} 61. Ne5+ Kg7
62. Rg6+ Kh7 63. Rf6 a2 {Rest geschenkt, ein ABSURDES Endspiel von Mephisto
Atlanta, der hier den ganzen Punkt abschenkt !!! -- Letztklassig !!} 0-1
[/pgn]
[pgn]

[Event "Turnier 40 / 120"]
[Site "Wien"]
[Date "2023.01.03"]
[Round "20"]
[White "Mephisto London 68000 - 12 MHZ"]
[Black "Mephisto Atlanta SH7034 - 20 MHZ"]
[Result "1-0"]
[BlackElo "2192"]
[WhiteElo "2194"]

{Analyse ---> Komodo 13.02.} 1. d4 e6 2. e4 d5 3. Nc3 Bb4 4. e5 c5 5. Bd2
Nc6 6. Nb5 Bxd2+ 7. Qxd2 Nxd4 8. Nxd4 cxd4 {Buchende} 9. f4 Ne7
{Buchbewertung Mephisto Atlanta: +0,4} 10. Qxd4 {Buchbewertung Mephisto
London 68000: -0,24 / lt. Komodo steht Weiss etwas besser mit ca. +0,30}
Qa5+ 11. c3 O-O 12. Bd3 b6 13. a4 Nc6 14. Qe3 Ba6??? {also dieser Zug darf
doch einfach nicht wahr sein, was für ein Megabock, am liebsten würde ich
danach die Partie sofort beenden, einfach indiskutabel, die Gründe braucht
man wohl nicht zu erläutern, danach ist die Partie natürlich sofort
verloren, Komodo -2,50, nötig war natürlich Dc5, und das beste daran:
Atlante erwartet ernsthaft Lxa6 ???, also da fehlen einem einfach die
Worte.} 15. b4 {na sonnenklar, und weg ist die Figur, einfach unfassbar
!!!} Nxb4 {Jetzt ist bei Atlanta eine Sicherung durchgebrannt:
Stellungbewertung und das Vorzeichen stimmt leider: +1,0} 16. cxb4 Qxb4+
17. Qd2 Qxd2+ {Atlanta immer noch +0,4, das kann nur noch als
Programmfehler bewertet werden, seit wann sind 2 Bauern mehr Wert als
Springer ?, einfach UNFASSBAR !!!} 18. Kxd2 Bxd3 19. Kxd3 Rfc8 {da schau
her, jetzt fällt der Groschen, Atlanta: -1,2} 20. Ne2 Rc5 21. Rhb1 Kf8 22.
g4 Ke7?? {deutlich besser ist noch g6, Komodo -3,50 mit der Fortsetzung a5}
23. a5! {hier beende ich dieses Trauerspiel, macht einfach keinen Spass
mehr, man muss sagen hier handelt es sich um einen eindeutigen
PROGRAMMFEHLER bei Mephisto Atlanta, der diese Partie auf billigste Art und
Weise abschenkt: Fazit: einfach nur LETZTKLASSIG !!!} 1-0
[/pgn]
[pgn]